00393 2200181 4500001002100000005001500021035002000036245003300056300000700089260003500096082000800131084001200139990001200151990001200163990001200175990001200187990001200199INLIS00000000000226920250527025722 a0010-0525000561 aDeutschland Ertlog Mit Ideen a65 bPusat Kebudayaan Jerman,c2009 a430 a430 DEU a0713341 a0713342 a0713343 a0713344 a0713345